000 00446nam a2200181Ia 4500
001 15669
005 20260306170213.0
008 260306t2004||||xx |||||||||||||| ||und||
041 _aESP
082 _a571.2
_bR82
100 _aRoncal Ordóñez, Manuel Salomón
_eAUT
245 0 _aPrincipios de Fitopatología Andina
260 _c2004
300 _a420 páginas :
_c23 cm.
650 _aGEN
654 _aCCS
942 _cLIB
_dJUS
_fJUS
_2ddc
_n
999 _c15669
_d15669